| 000 | 01583nam a22003257a 4500 | ||
|---|---|---|---|
| 001 | 1510 | ||
| 003 | CO-MdFUSB | ||
| 005 | 20240531062735.0 | ||
| 008 | 170406t1991 xxu||||| |||| 00| 0 eng d | ||
| 020 | _a0-89840-332-4 | ||
| 040 |
_aCO-MdFUSB _bspa _cCO-MdFUSB _dCO-MdFUSBC _erda |
||
| 041 | 0 | _aeng | |
| 082 | 0 | 4 | _aG 209.2 B8553g |
| 100 | 1 | _aBright, Bill., (Editor) | |
| 245 | 4 |
_aThe greatest lesson I've ever learned _c / Bill Bright, Editor |
|
| 264 | 4 |
_aSan Bernardo, CA., USA : _b Here's Life, _c©1991 |
|
| 300 | _a246 páginas | ||
| 336 |
_2rdacontent _a1 _ba1 |
||
| 337 |
_2rdamedia _a2 _b5 |
||
| 338 |
_2rdacarrier _a2 _b5 |
||
| 501 | _aPasta dura | ||
| 505 | 0 | 0 | _aBill Armstrong - Pat Boone - Tony Campolo - Charles Colson - Paul Crouch - Ted DeMoss - James Dobson - Steve Douglass - Ted W. Engstrom - Paul Eshleman - Leighton Ford - Joe Foss - Daniel Fuller - Joe Gibbs - Billy Graham - Jack Hayford - Edward V. Hill - Bill Hybels - Marvin Kehler - D. James Kennedy - C. Everett Koop - Tim LaHaye - Erwin W. Lutzer - Bailey Marks - Josh McDowell - Patrick M. Morely - Lloyd J. Ogilvie - Luis Palau - Norman Vincent Peale - Dennis RAiney - Adrian Rogers - Roy Rogers - Robert H. Schuller - William E. Simon - Kenneth Taylor - John F. Walvoord - Pat Williams - Ralph D. Winter - Bill Bright |
| 650 | 7 |
_aCristianismo _2 _922 |
|
| 650 | 0 |
_aVida cristiana _919 |
|
| 653 | _aCristianismo - Biografías - Estados Unidos | ||
| 653 | _aHombres - Estados Unidos - Biografías | ||
| 653 | _aHombres - Vida religiosa | ||
| 653 | _aVida cristiana - Anécdotas | ||
| 942 | _cBK | ||
| 999 |
_c32830 _d32830 |
||